• 首页
  • 本馆介绍
  • 公告通知
  • 最新文献
  • 馆藏检索
  • 电子资源
  • 读者导购
  • 参考咨询
  • 我的图书馆
  • 登录
  • 详细信息显示
  • 放入我的书架
  • 预约/预借图书
  • 作者相关作品
  • 分类相关作品
  • 丛书相关作品
  • 出版社相关作品

书目信息

  • 表格格式
  • 工作单格式
  • 卡片格式
题名:
半导体物理与器件
    
 
作者: 尼曼 著 ;赵毅强 , 姚素英 , 史再峰 译
分册:  
出版信息: 北京   电子工业出版社  2013.8
页数: 16,546页
开本: 26cm
丛书名: 国外电子与通信教材系列
单 册:
中图分类: O47 , TN303
科图分类:
主题词: 半导体物理--教材 , 半导体器件--教材 , 半导体物理 , 半导体器件
电子资源:
ISBN: 978-7-121-21165-2
000 01389oam2 2200373 450
001 0400001921
005 20171019193709.0
010    @a978-7-121-21165-2@dCNY79.00
100    @a20131121e20172013em y0chiy50 ea
101 1  @achi@ceng
102    @aCN@b110000
105    @ay z 001yy
106    @ar
200 1  @a半导体物理与器件@9ban dao ti wu li yu qi jian@dSemiconductor physics and devices: basic principles@f(美)Donald A.Neamen著@g赵毅强,姚素英,史再峰等译@zeng
210    @a北京@c电子工业出版社@d2013.8@h2017.1
215    @a16,546页@d26cm
225 1  @a国外电子与通信教材系列
305    @a据原书第4版译出
306    @a与美国麦格劳-希尔教育出版(亚洲)公司合作出版
330    @a本书是微电子技术领域的基础教程。全书涵盖了量子力学、固体物理、半导体材料物理及半导体器件物理等内容,分成三部分,包括:半导体材料属性、半导体器件基础、专用半导体器件。
461  0 @12001 @a国外电子与通信教材系列
510 1  @aSemiconductor physics and devices: basic principles@zeng
606 0  @a半导体物理@j教材
606 0  @a半导体器件@j教材
606 0  @a半导体物理
606 0  @a半导体器件
690    @aO47@v5
690    @aTN303@v5
701  0 @c(美)@a尼曼@9ni man@c(Neamen, Dodald A.)@4著
702  0 @a赵毅强@9zhao yi qiang@4译
702  0 @a姚素英@9yao su ying@4译
702  0 @a史再峰@9shi zai feng@4译
801  0 @aCN@b91MARC@c20171019
905    @b1031000-4@dO47@f5@e28
    
    半导体物理与器件=Semiconductor physics and devices: basic principles/(美)Donald A.Neamen著/赵毅强,姚素英,史再峰等译.-北京:电子工业出版社,2013.8(2017.1)
    16,546页;26cm.-(国外电子与通信教材系列)
    
    
    ISBN 978-7-121-21165-2:CNY79.00
    本书是微电子技术领域的基础教程。全书涵盖了量子力学、固体物理、半导体材料物理及半导体器件物理等内容,分成三部分,包括:半导体材料属性、半导体器件基础、专用半导体器件。
●
相关链接 在E读中查询图书 在五车中查询图书 在当当中查询图书 在豆瓣中查询图书


正题名:半导体物理与器件     索取号:O47/28         预约/预借

序号 登录号 条形码 馆藏地/架位号 状态 备注
1 1031000   210310000   第二样本阅览室/ [索取号:O47/28] 在馆    
2 1031001   210310019   密集书库-物理学院/ [索取号:O47/28] 在馆    
3 1031002   210310028   第三借阅区/ [索取号:O47/28] 在馆    
4 1031003   210310037   第三借阅区/ [索取号:O47/28] 在馆    
5 1031004   210310046   第三借阅区/ [索取号:O47/28] 在馆    
唐山师范学院图书馆 欢迎您!
大连网信软件有限公司© 版权所有